Adopción de las NIIF en Argentina (Registro nro. 12016)

Detalles MARC
000 -LEADER
fixed length control field 00399 a2200145 4500
001 - CONTROL NUMBER
control field ART_27669
005 - DATE AND TIME OF LATEST TRANSACTION
control field 20260410161626.0
008 - FIXED-LENGTH DATA ELEMENTS--GENERAL INFORMATION
fixed length control field 260409a
100 1# - MAIN ENTRY--PERSONAL NAME
Personal name Díaz, Teresa
245 10 - TITLE STATEMENT
Title Adopción de las NIIF en Argentina
700 1# - ADDED ENTRY--PERSONAL NAME
Personal name Suardi, Diana
700 1# - ADDED ENTRY--PERSONAL NAME
Personal name Bertolino, Gisela
700 1# - ADDED ENTRY--PERSONAL NAME
Personal name Romero, Cristian Javier
773 0# - HOST ITEM ENTRY
Title Enfoques
Related parts - Nº 11 (nov. 2014)
Record control number REV416

No hay ítems disponibles.